Kluby ligi piłkarskiej 2025–2026 - Statystyki

Ogólne statystyki
  • Ten quiz został rozwiązany 22 razy
  • Średni wynik to 38 z 92
Statystyki odpowiedzi
LIga Zespół % Poprawnych
Premier League Manchester City
100%
Premier League Manchester United
100%
Premier League Arsenal
95%
Premier League Liverpool
95%
Premier League Aston Villa
90%
Championship Leicester City
90%
Premier League Brighton & Hove Albion
85%
Premier League Chelsea
85%
Premier League Everton
85%
Championship Southampton
85%
Premier League West Ham United
85%
Premier League Leeds United
80%
Premier League Newcastle United
80%
Premier League Nottingham Forest
80%
Premier League Sunderland
80%
Premier League Tottenham Hotspur
80%
Premier League Wolverhampton Wanderers
80%
Premier League Brentford
75%
Premier League Crystal Palace
75%
Premier League Fulham
75%
Premier League Bournemouth
70%
League One Cardiff City
70%
Championship Ipswich Town
70%
League One Luton Town
70%
Championship Birmingham City
65%
Championship Norwich City
65%
League One Port Vale
65%
Championship Blackburn Rovers
60%
Premier League Burnley
60%
Championship Swansea City
60%
Championship West Bromwich Albion
60%
Championship Sheffield United
55%
League One Bolton Wanderers
50%
Championship Derby County
50%
Championship Oxford United
50%
League One Plymouth Argyle
50%
Championship Portsmouth
50%
Championship Stoke City
50%
Championship Watford
50%
Championship Wrexham
50%
Championship Bristol City
45%
Championship Coventry City
45%
Championship Hull City
45%
Championship Queens Park Rangers
45%
Championship Charlton Athletic
40%
Championship Middlesbrough
40%
Championship Sheffield Wednesday
40%
League One Huddersfield Town
35%
Championship Millwall
35%
Championship Preston North End
30%
League One Wigan Athletic
30%
League One Wycombe Wanderers
30%
League One Barnsley
25%
League One Lincoln City
25%
League One Blackpool
20%
League Two Bristol Rovers
20%
League Two Chesterfield
20%
League One Doncaster Rovers
20%
League One Northampton Town
20%
League One Reading
20%
League One Bradford City
15%
League One Burton Albion
15%
League Two Cambridge United
15%
League Two Grimsby Town
15%
League Two Milton Keynes Dons
15%
League Two Newport County
15%
League Two Notts County
15%
League One Peterborough United
15%
League Two Swindon Town
15%
League Two Cheltenham Town
10%
League Two Colchester United
10%
League One Exeter City
10%
League Two Fleetwood Town
10%
League Two Gillingham
10%
League One Leyton Orient
10%
League Two Oldham Athletic
10%
League One Rotherham United
10%
League Two Salford City
10%
League Two Accrington Stanley
5%
League One AFC Wimbledon
5%
League Two Bromley
5%
League Two Crewe Alexandra
5%
League One Mansfield Town
5%
League Two Shrewsbury Town
5%
League One Stevenage
5%
League One Stockport County
5%
League Two Barnet
0%
League Two Barrow
0%
League Two Crawley Town
0%
League Two Harrogate Town
0%
League Two Tranmere Rovers
0%
League Two Walsall
0%
Nie znaleziono quizów pasujących do podanych kryteriów
Rozkład punktacji
Procent ludzi z każdym wynikiem
Percentyl według liczby udzielonych odpowiedzi
Twoja historia wyników
Nie rozwiązałeś tego quizu